[Event "Wch U10"]
[Site "Belfort"]
[Date "2005.07.28"]
[Round "11"]
[White "Cao, Jiajie"]
[Black "Scherbin, Yevgeniy"]
[Result "0-1"]
[WhiteElo "1599"]
[BlackElo "1599"]
[PlyCount "104"]
[EventDate "2005.07.19"]
[EventType "swiss"]
[EventRounds "11"]
[EventCountry "FRA"]
[SourceTitle "CBM 107 Extra"]
[Source "ChessBase"]
[SourceDate "2005.09.01"]
[SourceVersion "1"]
[SourceVersionDate "2005.09.01"]
[SourceQuality "1"]

1. e4 c5 2. Nf3 d6 3. d4 cxd4 4. Nxd4 Nf6 5. Nc3 a6 6. Bg5 e6 7. f4 Nbd7 8. Qf3 Be7 9. 0-0-0 0-0 10. g4 Qa5 11. Bxf6 Bxf6 12. g5 Bxd4 13. Rxd4 b5 14. Kb1 b4 15. Ne2 Bb7 16. Ng3 Qc5 17. Qd1 Rac8 18. h4 Bc6 19. Rh2 Ba4 20. Rd3 a5 21. h5 Bb5 22. Rb3 Bxf1 23. Nxf1 Qc6 24. Ng3 Nc5 25. Re3 a4 26. f5 b3 27. cxb3 axb3 28. a3 Rc7 29. f6 Rfc8 30. Rc3 Qb7 31. Qh1 Na4 32. Rxc7 Rxc7 33. fxg7 Qb5 34. Qf1 Qxf1+ 35. Nxf1 Kxg7 36. Rh3 Rc5 37. Rxb3 Rxg5 38. Rg3 Kf6 39. Rf3+ Ke5 40. Rxf7 Rxh5 41. Nd2 Rh1+ 42. Kc2 h5 43. Nc4+ Kxe4 44. Nxd6+ Kd5 45. Ne8 e5 46. Rb7 Nc5 47. Rb4 e4 48. Nc7+ Ke5 49. Nb5 Nd3 50. Rc4 h4 51. a4 h3 52. Nc3 Re1 0-1

[Event "Wch U10"]
[Site "Belfort"]
[Date "2005.07.25"]
[Round "7"]
[White "Cao, Jiajie"]
[Black "Kaminski, Thomas"]
[Result "1-0"]
[WhiteElo "1599"]
[BlackElo "1599"]
[PlyCount "109"]
[EventDate "2005.07.19"]
[EventType "swiss"]
[EventRounds "11"]
[EventCountry "FRA"]
[SourceTitle "CBM 107 Extra"]
[Source "ChessBase"]
[SourceDate "2005.09.01"]
[SourceVersion "1"]
[SourceVersionDate "2005.09.01"]
[SourceQuality "1"]

1. e4 e5 2. Nf3 Nc6 3. d4 exd4 4. Nxd4 Nf6 5. Nc3 Bc5 6. Be3 Qe7 7. Nf5 Qf8 8. Nxg7+ Kd8 9. Bxc5 Qxc5 10. Qf3 Qe5 11. Qf5 Qxf5 12. Nxf5 d5 13. 0-0-0 Bxf5 14. exf5 Ne7 15. Nxd5 Nfxd5 16. f6 c6 17. fxe7+ Kxe7 18. Bc4 Nb6 19. Rhe1+ Kf8 20. Bb3 Rg8 21. g3 Rg6 22. a4 Rg5 23. Re4 Re8 24. Rf4 Re7 25. h4 Rge5 26. Rd8+ Kg7 27. Rg4+ Kh6 28. Kb1 Nd7 29. Rd4 Nf6 30. Rf4 Kg7 31. g4 h6 32. f3 Nd7 33. Rxf7+ Rxf7 34. Bxf7 Nc5 35. Bh5 Re3 36. g5 hxg5 37. hxg5 Re5 38. f4 Rf5 39. Rd4 Ne6 40. Rd7+ Kf8 41. Bg4 Ke8 42. Bxf5 Kxd7 43. Bxe6+ Kxe6 44. Kc1 b5 45. axb5 cxb5 46. Kd2 Kf5 47. Kc3 a5 48. Kb3 Ke6 49. g6 Kf6 50. f5 Ke7 51. c4 b4 52. Ka4 Kf6 53. Kb5 b3 54. c5 Ke7 55. c6 1-0

[Event "Wch U10"]
[Site "Belfort"]
[Date "2005.07.25"]
[Round "8"]
[White "Xu, Xianliang"]
[Black "Cao, Jiajie"]
[Result "1/2-1/2"]
[WhiteElo "1599"]
[BlackElo "1599"]
[PlyCount "59"]
[EventDate "2005.07.19"]
[EventType "swiss"]
[EventRounds "11"]
[EventCountry "FRA"]
[SourceTitle "CBM 107 Extra"]
[Source "ChessBase"]
[SourceDate "2005.09.01"]
[SourceVersion "1"]
[SourceVersionDate "2005.09.01"]
[SourceQuality "1"]

1. c4 Nf6 2. g3 g6 3. Bg2 Bg7 4. Nf3 0-0 5. 0-0 d6 6. Nc3 Nc6 7. d3 a6 8. Rb1 Rb8 9. b4 Bd7 10. a4 e6 11. b5 axb5 12. axb5 Ne7 13. Bb2 c6 14. bxc6 bxc6 15. Ba1 Rxb1 16. Qxb1 Qc7 17. Qc2 d5 18. e3 Rb8 19. Rb1 Qc8 20. Rxb8 Qxb8 21. Qb2 Qxb2 22. Bxb2 Kf8 23. Kf1 Ke8 24. Ke2 Kd8 25. cxd5 cxd5 26. Kd2 Ng4 27. Ke2 h5 28. h3 Nh6 29. d4 Nhf5 30. Kd3 1/2-1/2